[Event "ian's victory lap"]
[Site "http://www.queenalice.com/game.php?id=832636"]
[Date "2010.9.14"]
[Round "-"]
[White "shoe"]
[Black "tegwar00"]
[Result "0-1"]
[WhiteElo "1328"]
[BlackElo "1102"]

1. d4 f5 2. e4 d6 3. exf5 Bxf5 4. Bd3 Qc8 5. Nf3 Nf6 6. Nc3 Nc6 7. b3 Nb4 8. O-O
Nxd3 9. cxd3 g6 10. d5 Bg7 11. d4 b6 12. Rb1 Qb7 13. a4 Bxb1 14. Nxb1 Nxd5 15.
Ng5 O-O 16. Ne6 Rf7 17. Nxg7 Kxg7 18. f4 Raf8 19. g3 e5 20. Qf3 exf4 21. gxf4 c6
22. Nc3 Qe7 23. Nxd5 cxd5 24. Qxd5 Qe2 25. Qxd6 Qg4+ 26. Kf2 Rc8 27. Qe5+ Kg8
28. Bd2 Rc2 29. Ke3 Qh3+ 30. Ke2 Qxh2+ 31. Kd1 Rxd2+ 32. Ke1 Rb2 33. Qe4 Qd2#
0-1

[Event "dutch rub"]
[Site "http://www.queenalice.com/game.php?id=833037"]
[Date "2010.9.15"]
[Round "-"]
[White "tegwar00"]
[Black "shoe"]
[Result "0-1"]
[WhiteElo "1142"]
[BlackElo "1250"]

1. d4 f5 2. c4 e6 3. g3 Nf6 4. Bg2 Be7 5. Bd2 O-O 6. Nh3 d5 7. b3 c6 8. O-O b6
9. e3 Ba6 10. Nf4 Qd7 11. Na3 c5 12. Rc1 cxd4 13. exd4 Bxa3 14. Rc3 Bb2 15. Re3
Ne4 16. Bb4 Rc8 17. Qb1 Bxd4 18. Ree1 b5 19. Bxe4 dxe4 20. Rd1 bxc4 21. Rfe1 Nc6
22. Ba3 Ne5 23. Re3 Nf3+ 24. Kg2 e5 25. Ne2 Qf7 26. Nxd4 exd4 27. Re2 c3 28. Rc2
Bd3 29. Rxd3 exd3 30. Rc1 Ne5 31. Re1 Qd5+ 32. Kg1 Nf3+ 33. Kf1 Nd2+ 34. Kg1
Nxb1 35. Rxb1 c2 36. Re1 d2 37. Bc1 dxe1=Q# 0-1

[Event "ian's giant nsfw"]
[Site "http://www.queenalice.com/game.php?id=833892"]
[Date "2010.9.17"]
[Round "-"]
[White "shoe"]
[Black "tegwar00"]
[Result "1-0"]
[WhiteElo "1282"]
[BlackElo "1123"]

1. d4 f5 2. c4 Nf6 3. Nc3 e6 4. Bg5 Be7 5. e3 O-O 6. Nf3 b6 7. Bd3 Bb7 8. O-O d5
9. b3 Ne4 10. Bxe7 Qxe7 11. Qc1 Nc6 12. cxd5 Nb4 13. Qd1 Nxc3 14. Qd2 Nbxd5 15.
Rac1 Qa3 16. Rxc3 Nxc3 17. Qxc3 Ba6 18. Bxa6 Qxa6 19. Qxc7 Rf7 20. Qe5 Qc8 21.
Ng5 Re7 22. d5 Rc7 23. Nxe6 Re7 24. Qxf5 g6 25. Qg5 Qd7 26. e4 Rae8 27. f4 Rxe6
28. dxe6 Qd4+ 29. Kh1 Qxe4 30. f5 Qe5 31. h4 Kf8 32. fxg6+ 1-0

[Event "big black africa"]
[Site "http://www.queenalice.com/game.php?id=834476"]
[Date "2010.9.18"]
[Round "-"]
[White "shoe"]
[Black "tegwar00"]
[Result "0-1"]
[WhiteElo "1307"]
[BlackElo "1101"]

1. d4 f5 2. c4 Nf6 3. g3 e6 4. Bg2 Bb4+ 5. Bd2 Be7 6. Nc3 c5 7. Nf3 cxd4 8. Nxd4
Nc6 9. Nf3 Ne4 10. Nxe4 fxe4 11. O-O exf3 12. exf3 O-O 13. Bc3 Bf6 14. a4 d5 15.
c5 d4 16. Bd2 a5 17. Qb3 Qd5 18. Qxd5 exd5 19. f4 Be6 20. f5 Bf7 21. Bf4 Be7 22.
Rac1 d3 23. g4 h6 24. Bf3 Rac8 25. Rc3 Nb4 26. h4 Bxh4 27. Bd6 Rfe8 28. c6 bxc6
29. Bxb4 axb4 30. Rxd3 g6 31. Kh2 gxf5 32. gxf5 Re5 33. Rg1+ Kf8 34. Re3 Rxf5
35. Rg2 Bh5 36. Bxh5 Rxh5 37. Rf3+ Ke7 38. Rg7+ Ke6 39. Kh3 Bxf2+ 40. Kg4 Rh4#
0-1

[Event "there are no essential carbs"]
[Site "http://www.queenalice.com/game.php?id=835641"]
[Date "2010.9.21"]
[Round "-"]
[White "tegwar00"]
[Black "shoe"]
[Result "0-1"]
[WhiteElo "1129"]
[BlackElo "1238"]

1. e4 e5 2. Nf3 Nc6 3. Nc3 Nf6 4. d4 exd4 5. Nxd4 Nxe4 6. Nxe4 Qe7 7. f3 d5 8.
Bb5 Bd7 9. O-O dxe4 10. Re1 Qc5 11. Rxe4+ Ne5 12. Bxd7+ Kxd7 13. Be3 Bd6 14. Nb3
Qc6 15. Rxe5 Rae8 16. Rxe8 Rxe8 17. Qd3 b6 18. Qf5+ Ke7 19. Re1 Kf8 20. Bf2 Be7
21. Nd4 Qf6 22. Bg3 Qxd4+ 23. Kh1 g6 24. Qe4 Qxb2 25. Bxc7 Qf6 26. Bb8 Rxb8 27.
Qxe7+ Qxe7 28. Rxe7 Kxe7 29. g4 Rc8 30. h4 Rxc2 31. g5 Rf2 0-1

[Event "poppy tea"]
[Site "http://www.queenalice.com/game.php?id=836585"]
[Date "2010.9.23"]
[Round "-"]
[White "shoe"]
[Black "tegwar00"]
[Result "0-1"]
[WhiteElo "1260"]
[BlackElo "1116"]

1. e4 Nf6 2. e5 Nd5 3. c4 Nb6 4. c5 Nd5 5. Nc3 e6 6. Bc4 Nxc3 7. dxc3 Bxc5 8.
Qg4 O-O 9. Bh6 g6 10. Bxf8 Qxf8 11. b4 d5 12. exd6 Bxd6 13. Nf3 Nc6 14. O-O Ne5
15. Nxe5 Bxe5 16. Qf3 Qh6 17. g3 a5 18. b5 Qg7 19. Rac1 Qf6 20. Qe3 b6 21. Rfe1
Bd6 22. Qe4 Rb8 23. Qc6 Bb7 24. Qxb7 Rxb7 25. a4 Be5 26. Re3 Rb8 27. f4 Bd6 28.
Kg2 Rd8 29. h4 Bxf4 30. Rf3 Rd2+ 31. Rf2 Rxf2+ 32. Kxf2 Bxc1+ 33. Ke2 Qxc3 34.
Kf2 Qxc4 35. Kf3 Qxa4 0-1

[Event "Another open game?"]
[Site "http://www.queenalice.com/game.php?id=837683"]
[Date "2010.9.25"]
[Round "-"]
[White "tegwar00"]
[Black "shoe"]
[Result "1-0"]
[WhiteElo "1139"]
[BlackElo "1221"]

1. e4 Nf6 2. Nc3 d5 3. d4 e6 4. e5 Ne4 5. Nxe4 dxe4 6. Bc4 a6 7. Qe2 c6 8. Qxe4
b5 9. Bb3 f6 10. Nf3 f5 11. Qh4 Be7 12. Bg5 Bxg5 13. Qxg5 O-O 14. O-O Qd7 15. c4
Bb7 16. Rac1 c5 17. Rfd1 Bxf3 18. gxf3 cxd4 19. c5 d3 20. Rd2 b4 21. Qe3 Rd8 22.
Rxd3 Qe8 23. Ba4 Nc6 24. Rcd1 Rxd3 25. Rxd3 Qg6+ 26. Kf1 Ne7 27. f4 Nd5 28. Qg3
Qh6 29. Bc6 Nxf4 30. Bxa8 Nxd3 31. Qxd3 Qc1+ 32. Kg2 Qxc5 33. Qd8+ Kf7 34. Qd7+
Kg6 35. Qxe6+ Kg5 36. Qf6+ Kf4 37. Qh4+ Kxe5 38. f4+ Kd4 39. Qf2+ Kc4 40. b3+
Kb5 41. a4+ Kb6 42. Kg3 Qxf2+ 43. Kxf2 h6 44. Bf3 g5 45. Kg3 Kc5 46. h4 gxf4+
47. Kxf4 1-0

[Event "Challenge"]
[Site "http://www.queenalice.com/game.php?id=838463"]
[Date "2010.9.26"]
[Round "-"]
[White "jbugg"]
[Black "shoe"]
[Result "0-1"]
[WhiteElo "1239"]
[BlackElo "1189"]

1. e4 Nf6 2. Nc3 d5 3. e5 Nfd7 4. f4 e6 5. Nb5 a6 6. Nd4 Nc6 7. c3 f6 8. Nxe6
Qe7 9. Nxc7+ Kf7 10. Nxa8 fxe5 11. Qh5+ g6 12. Qh3 Na7 13. g3 exf4+ 14. Be2 Nc5
15. Nb6 Bxh3 16. Nxd5 Nd3+ 17. Kd1 Nf2+ 18. Kc2 Qe4+ 19. Kb3 Qxe2 20. Nxe2 Nxh1
21. Ndxf4 Bg4 22. Nd4 Bd6 23. Ng2 Bf3 24. Nxf3 Nf2 25. d4 Ng4 26. h3 Nf6 27. Be3
Nc6 28. Ng5+ Ke7 29. Rf1 Bxg3 30. Rf3 Bd6 31. a4 h6 32. d5 Ne5 33. Bf4 Nxf3 34.
Be3 Nxg5 35. h4 Nf3 36. c4 g5 37. hxg5 hxg5 38. Kc3 Rh2 39. b4 Rxg2 40. c5 Nxd5+
41. Kc4 Nxe3+ 42. Kd3 Nd5 43. cxd6+ Kxd6 44. Ke4 g4 45. Kd3 Rf2 46. Ke4 g3 0-1

[Event "a cautious round"]
[Site "http://www.queenalice.com/game.php?id=838912"]
[Date "2010.9.28"]
[Round "-"]
[White "shoe"]
[Black "tegwar00"]
[Result "1-0"]
[WhiteElo "1245"]
[BlackElo "1158"]

1. e4 c6 2. Nf3 d5 3. c3 dxe4 4. Ng5 Nf6 5. Bc4 e6 6. O-O Be7 7. d3 b5 8. Bb3
Nd5 9. Nxe4 e5 10. g3 Nf6 11. f3 Be6 12. Nc5 Bxc5+ 13. Kh1 O-O 14. Bxe6 fxe6 15.
b4 Be7 16. a3 a5 17. Bb2 Nbd7 18. Qb3 Nd5 19. Bc1 Qb6 20. f4 axb4 21. c4 N5f6
22. cxb5 Nd5 23. bxc6 Qxc6 24. Kg1 Nc5 25. Qc4 b3 26. Re1 Qd6 27. fxe5 Rf3 28.
exd6 Nxd3 29. Rxe6 Bf6 30. Qc6 Rf8 31. Nd2 Bd4+ 32. Kg2 Rf2+ 33. Kh3 Bxa1 34.
Qxd5 Nxc1 35. Nxb3 Nxb3 36. Re8+ Rf7 37. d7 Bf6 38. Qxb3 g5 39. Qd3 Kg7 40. Kg4
h6 41. Kh5 Re7 42. Qg6+ Kh8 43. Rxf8# 1-0

[Event "Challenge"]
[Site "http://www.queenalice.com/game.php?id=839165"]
[Date "2010.9.28"]
[Round "-"]
[White "jbugg"]
[Black "shoe"]
[Result "0-1"]
[WhiteElo "1291"]
[BlackElo "1217"]

1. e4 e6 2. Nc3 b6 3. Nf3 Bb7 4. Ne5 Qe7 5. Qf3 f6 6. Nc4 d6 7. d3 g6 8. g3 Bg7
9. Bh3 f5 10. O-O Nd7 11. Bf4 Bd4 12. g4 fxe4 13. dxe4 Ngf6 14. g5 Nh5 15. Bxd6
cxd6 16. Na4 Bc6 17. Nc3 Qxg5+ 18. Kh1 Qc5 19. Nd2 Ne5 20. Qg2 Nf4 21. Qg3 Ne2
22. Nxe2 Qxc2 23. Nb3 Qxe4+ 24. Qg2 Qc2 25. f3 Qxb2 26. Rad1 Nxf3 27. Rxf3 e5
28. Nbxd4 exd4 29. Rxd4 Qa1+ 30. Rf1 Qxf1+ 31. Ng1 Bxg2+ 32. Bxg2 Qf2 33. Re4+
Kd7 34. Re2 Qf4 35. a4 Rae8 36. Nh3 Qc1+ 37. Ng1 Rxe2 38. Bf1 Qxf1 0-1

[Event "how's the new gig?"]
[Site "http://www.queenalice.com/game.php?id=842250"]
[Date "2010.10.5"]
[Round "-"]
[White "tegwar00"]
[Black "shoe"]
[Result "0-1"]
[WhiteElo "1158"]
[BlackElo "1262"]

1. e4 e6 2. d4 f5 3. Nc3 Ne7 4. e5 c5 5. dxc5 Nbc6 6. Nf3 Qa5 7. Bd2 Qxc5 8. Na4
Qd5 9. Bd3 Nxe5 10. Qe2 Nxd3+ 11. cxd3 Qb5 12. b3 d6 13. Nd4 Qd5 14. Qh5+ Ng6
15. Be3 e5 16. Nxf5 Qxd3 17. Rd1 Qa6 18. Nc3 Qa5 19. Bd2 Qb4 20. O-O Be6 21. Ne4
Qxe4 22. Qf3 Qxf5 23. Qxb7 Rc8 24. Rc1 Be7 25. Qxa7 O-O 26. Bb4 Ra8 27. Qb6 Rfb8
28. Qc6 Rd8 29. h3 Qf4 30. Qf3 Qxb4 31. Rc2 Nf4 32. Rfc1 Bd5 33. Qc3 Qe4 34. f3
Ne2+ 35. Kh1 Nxc3 36. fxe4 Nxe4 37. Rc7 Bh4 38. Rb1 Rxa2 39. b4 Ng3+ 40. Kg1
Rxg2# 0-1

[Event "Can you whip me again?"]
[Site "http://www.queenalice.com/game.php?id=845436"]
[Date "2010.10.14"]
[Round "-"]
[White "shoe"]
[Black "tegwar00"]
[Result "0-1"]
[WhiteElo "1278"]
[BlackElo "1173"]

1. c4 e5 2. Nf3 Nc6 3. d4 Bb4+ 4. Bd2 Nf6 5. Nc3 exd4 6. Nd5 Bxd2+ 7. Nxd2 d6 8.
g3 O-O 9. Bg2 Nxd5 10. cxd5 Ne5 11. Be4 f5 12. Bc2 b6 13. Nb3 Bb7 14. Qxd4 c5
15. Qf4 Bxd5 16. O-O Qf6 17. h4 Rae8 18. Rad1 Qe6 19. a4 Bxb3 20. Bxb3 Qxb3 21.
Rxd6 Nc4 22. Rd3 Qxb2 23. Qxc4+ Kh8 24. Re3 a5 25. Qa6 Qf6 26. Rxe8 Rxe8 27. e3
h5 28. Rb1 f4 29. exf4 Re6 30. Qa8+ Kh7 31. Qf3 g6 32. Qd3 Qd4 33. Qc2 Kg7 34.
Rd1 Qb4 35. Qd2 Qxa4 36. Qd7+ Qxd7 37. Rxd7+ Kf6 38. Rd1 b5 39. Rd5 b4 40. Rxc5
Re1+ 41. Kg2 a4 42. Rc2 b3 43. Rb2 Kf5 44. f3 Ra1 45. Kf2 Ra2 46. Rxa2 bxa2 47.
Ke3 a1=Q 48. g4+ hxg4 49. fxg4+ Kxg4 0-1

[Event "Snakeskin Burqua "]
[Site "http://www.queenalice.com/game.php?id=849903"]
[Date "2010.10.23"]
[Round "-"]
[White "tegwar00"]
[Black "shoe"]
[Result "1-0"]
[WhiteElo "1188"]
[BlackElo "1253"]

1. e4 e5 2. Nf3 d6 3. Bc4 Bg4 4. h3 Bh5 5. g4 Bg6 6. Nc3 c6 7. d4 Qa5 8. Bd2 Qb6
9. b3 Ne7 10. dxe5 d5 11. exd5 cxd5 12. Nxd5 Nxd5 13. Bxd5 Bc5 14. Qe2 Bxc2 15.
Qc4 Bxf2+ 16. Kf1 O-O 17. Qxc2 Nd7 18. Be1 Be3 19. Rd1 Nxe5 20. Nxe5 Qf6+ 21.
Qf5 Qe7 22. Nxf7 Rxf7 23. Bxf7+ Qxf7 24. Qxf7+ Kxf7 25. Rd7+ Ke6 26. Rxg7 b6 27.
Rxh7 b5 28. Bf2 1-0

[Event "franzen's gloomy place"]
[Site "http://www.queenalice.com/game.php?id=852049"]
[Date "2010.10.29"]
[Round "-"]
[White "shoe"]
[Black "tegwar00"]
[Result "1-0"]
[WhiteElo "1231"]
[BlackElo "1207"]

1. c4 e5 2. Nf3 Nc6 3. d4 d5 4. Nxe5 Nxe5 5. dxe5 d4 6. Nd2 c5 7. g3 Qd7 8. Bg2
f6 9. f4 fxe5 10. fxe5 Qe6 11. b3 Qxe5 12. Bb2 Nf6 13. Nf3 Qc7 14. O-O h6 15.
Nh4 Ng4 16. Bc1 Ne3 17. Bxe3 dxe3 18. Ng6 Rg8 19. Qd5 Qf7 20. Rxf7 1-0

[Event "when yr off da fone"]
[Site "http://www.queenalice.com/game.php?id=853112"]
[Date "2010.11.1"]
[Round "-"]
[White "tegwar00"]
[Black "shoe"]
[Result "0-1"]
[WhiteElo "1209"]
[BlackElo "1248"]

1. e4 e6 2. d4 d6 3. c4 b6 4. Nc3 a6 5. Nf3 f6 6. Bd3 g6 7. O-O Nd7 8. Be3 Bb7
9. d5 e5 10. b3 c5 11. a4 Ne7 12. Qb1 f5 13. b4 f4 14. Bd2 Bh6 15. bxc5 Qc7 16.
c6 Bxc6 17. dxc6 Qxc6 18. Nd5 a5 19. Qb5 Rc8 20. g3 Qc5 21. Rab1 Rc6 22. Qxc5
dxc5 23. Nxe7 Kxe7 24. Bc3 Bg7 25. Rfd1 h6 26. gxf4 Rf6 27. Kg2 Rxf4 28. Bxe5
Bxe5 29. Nxe5 Nxe5 30. Rxb6 g5 31. Rdb1 Nxd3 32. Rb7+ Kd6 33. R1b6+ Ke5 34. Re7+
Kd4 35. Rb5 Rxe4 36. Rd7+ Kxc4 37. Rxa5 Kb4 38. Raa7 Rg4+ 39. Kf1 c4 40. a5 c3
41. Rxd3 c2 42. Rc7 Rc4 43. Rb7+ Ka4 44. a6 c1=Q+ 45. Ke2 Re8+ 0-1

[Event "don't buy keens"]
[Site "http://www.queenalice.com/game.php?id=857291"]
[Date "2010.11.10"]
[Round "-"]
[White "shoe"]
[Black "tegwar00"]
[Result "0-1"]
[WhiteElo "1263"]
[BlackElo "1237"]

1. d4 f5 2. e4 fxe4 3. Nc3 Nf6 4. f3 exf3 5. Nxf3 g6 6. Bd3 Bg7 7. h3 d5 8. Qe2
Nc6 9. Bb5 O-O 10. h4 a6 11. Bxc6 bxc6 12. b4 a5 13. b5 Ne4 14. Nxe4 dxe4 15.
Ng5 Bxd4 16. Qc4+ Qd5 17. Qxc6 Bf2+ 18. Ke2 Bg4+ 19. Nf3 exf3+ 20. gxf3 Bxf3+
21. Kxf2 Bxh1+ 22. Kg1 Qd1+ 0-1

[Event " grindstone cowboy"]
[Site "http://www.queenalice.com/game.php?id=858528"]
[Date "2010.11.13"]
[Round "-"]
[White "shoe"]
[Black "tegwar00"]
[Result "1-0"]
[WhiteElo "1246"]
[BlackElo "1254"]

1. d4 f5 2. c4 Nf6 3. g3 e6 4. Bg2 c6 5. Bf4 d5 6. c5 b6 7. cxb6 axb6 8. Nc3
Nbd7 9. a3 Nh5 10. Be5 Nxe5 11. dxe5 Be7 12. e3 O-O 13. Qxh5 d4 14. Bxc6 Ra5 15.
Nce2 Bb4+ 16. Kf1 dxe3 17. Nf3 h6 18. fxe3 Qc7 19. Be8 Bb7 20. Rc1 Bxf3 21. Qxf3
Qxe5 22. axb4 Qe4 23. Qxe4 fxe4+ 24. Kg2 Rc5 25. bxc5 Rxe8 26. cxb6 Rb8 27. Rc6
1-0

[Event "don't call it a come back"]
[Site "http://www.queenalice.com/game.php?id=860870"]
[Date "2010.11.19"]
[Round "-"]
[White "tegwar00"]
[Black "shoe"]
[Result "0-1"]
[WhiteElo "1303"]
[BlackElo "1262"]

1. d4 d5 2. Nf3 Nf6 3. e3 Bf5 4. Bd3 e6 5. Bxf5 exf5 6. Qd3 g6 7. Qb3 b6 8. Nc3
Bg7 9. O-O O-O 10. Bd2 c6 11. Ne2 Nh5 12. Nf4 Nxf4 13. exf4 a5 14. a4 Na6 15.
Rae1 Nb4 16. Ng5 Bxd4 17. c3 Nd3 18. Re2 Nc5 19. Qc2 Bf6 20. b4 Ne4 21. f3 Nxd2
22. Qxd2 d4 23. Qd3 axb4 24. cxd4 Bxd4+ 25. Kh1 c5 26. Ra1 Bxa1 27. Qxd8 Rfxd8
28. h4 Rd1+ 29. Kh2 h6 30. Nh3 b3 31. Nf2 Rd4 32. Re3 b2 33. Rb3 c4 34. Rxb6 c3
35. h5 c2 36. hxg6 c1=Q 37. g3 h5 38. Rb7 fxg6 39. Kh3 Qf1+ 40. Kh4 Qxf2 41. Kg5
Qxg3+ 42. Kh6 Qxf4+ 43. Kxg6 Rd6+ 44. Kxh5 Qh6# 0-1

[Event "pocahontas"]
[Site "http://www.queenalice.com/game.php?id=864047"]
[Date "2010.11.26"]
[Round "-"]
[White "tegwar00"]
[Black "shoe"]
[Result "1-0"]
[WhiteElo "1285"]
[BlackElo "1280"]

1. e4 e5 2. Nf3 Nc6 3. Bb5 Nd4 4. Nxd4 exd4 5. O-O Ne7 6. d3 h6 7. c3 c5 8. Nd2
g6 9. Nc4 Nc6 10. Bf4 Qf6 11. Qd2 g5 12. Bc7 a6 13. Bxc6 bxc6 14. Rae1 Ra7 15.
e5 Qg6 16. Nd6+ Bxd6 17. exd6+ Kf8 18. Qe2 f6 19. Qe7+ Kg8 20. Bb6 Rb7 21. Bxc5
Rxb2 22. Qd8+ Kg7 23. Re7+ Qf7 24. Rxf7+ Kg6 25. Qxf6+ Kh5 26. Qxh8 Re2 27. Qxc8
dxc3 28. Qxd7 c2 29. Qh3+ Kg6 30. Re7 Rd2 31. d4 Rd1 32. Qc3 c1=Q 33. Qxc1 Rxc1
34. Rxc1 Kh5 35. d7 Kh4 36. d8=Q a5 37. Re4+ Kh5 38. Qe8# 1-0

[Event "Jubalee"]
[Site "http://www.queenalice.com/game.php?id=896514"]
[Date "2011.2.5"]
[Round "-"]
[White "tegwar00"]
[Black "shoe"]
[Result "0-1"]
[WhiteElo "1285"]
[BlackElo "1264"]

1. d4 d5 2. c4 e6 3. Nd2 Nc6 4. Ngf3 g6 5. e3 Bg7 6. a3 Bd7 7. b4 e5 8. b5 Nce7
9. Bb2 e4 10. Ne5 Nh6 11. Be2 c6 12. f3 Bxe5 13. dxe5 Nef5 14. e6 Nxe3 15. exd7+
Qxd7 16. Qb3 Nxg2+ 17. Kf1 Qh3 18. Bxh8 Ne3+ 19. Ke1 Qh4# 0-1

[Event "Fibognocci"]
[Site "http://www.queenalice.com/game.php?id=898364"]
[Date "2011.2.10"]
[Round "-"]
[White "shoe"]
[Black "tegwar00"]
[Result "1-0"]
[WhiteElo "1281"]
[BlackElo "1296"]

1. e4 e5 2. Nf3 Nc6 3. c3 Bc5 4. d4 exd4 5. cxd4 Bd6 6. Bc4 Nf6 7. Nbd2 Qe7 8.
e5 Nxd4 9. Nxd4 Qxe5+ 10. Ne2 Bc5 11. Nf3 Qd6 12. O-O Qxd1 13. Rxd1 d6 14. Ng5
Bd7 15. Bxf7+ Kd8 16. Nc3 h6 17. Nge4 a6 18. Nxc5 dxc5 19. Be3 b6 20. a3 Ke7 21.
Bd5 c6 22. Bf3 g5 23. b4 g4 24. Be4 Nxe4 25. Nxe4 Rad8 26. bxc5 Bf5 27. Nd6 Be6
28. Nb7 Bb3 29. Rxd8 Rxd8 30. Nxd8 Kxd8 31. cxb6 Kc8 32. Bxh6 Kb7 33. Rb1 Bc2
34. Rb2 Bd1 35. Kf1 c5 36. Ke1 Ba4 37. Be3 c4 38. Kd2 Bb3 39. Kc3 a5 40. f3 gxf3
41. gxf3 Bd1 42. Kxc4 Bxf3 43. Kc5 Ka6 44. h4 a4 45. h5 Bxh5 46. b7 1-0

[Event "Who's Afraid of Virginia Slims?"]
[Site "http://www.queenalice.com/game.php?id=917778"]
[Date "2011.3.26"]
[Round "-"]
[White "tegwar00"]
[Black "shoe"]
[Result "1-0"]
[WhiteElo "1309"]
[BlackElo "1298"]

1. d4 d6 2. c4 g6 3. Nc3 Bg7 4. e4 f5 5. Nf3 Bd7 6. Bd3 c6 7. O-O e5 8. Be3 f4
9. Bd2 Ne7 10. d5 cxd5 11. cxd5 O-O 12. Qb3 b6 13. Bb5 Qc8 14. Rac1 Qb7 15. Ne2
Rc8 16. Bb4 Rxc1 17. Rxc1 Bxb5 18. Bxd6 Bxe2 19. Rc7 Qxc7 20. Bxc7 Bxf3 21. d6+
Kf8 22. Qxf3 Nec6 23. Qh3 Na6 24. Qxh7 Nxc7 25. Qxg6 Ne8 26. Qf5+ Nf6 27. b4
Nxb4 28. Qxe5 Re8 29. Qxf4 Rxe4 30. Qd2 Nxa2 31. f3 Ra4 32. g4 Nd7 33. Qc2 Nc3
34. Qf5+ Bf6 35. Qxd7 Rf4 36. Kg2 a5 37. Qc8+ Kg7 38. g5 Be5 39. d7 Rf8 40.
Qxf8+ Kxf8 41. d8=Q+ Kf7 42. Qd7+ Kg6 43. Qe6+ Kxg5 44. Qxe5+ Kh4 45. Qxc3 a4
46. Qb4+ Kg5 47. Qxa4 Kf5 48. Qb5+ Ke6 49. Qxb6+ Kd5 50. Qe3 Kc4 51. h4 1-0

[Event "Too big to fail"]
[Site "http://www.queenalice.com/game.php?id=954772"]
[Date "2011.6.28"]
[Round "-"]
[White "tegwar00"]
[Black "shoe"]
[Result "1-0"]
[WhiteElo "1336"]
[BlackElo "1282"]

1. e4 e5 2. Nf3 Nc6 3. Bb5 Nd4 4. Nxd4 exd4 5. O-O Bc5 6. d3 c6 7. Bc4 d5 8.
exd5 cxd5 9. Bb3 Be6 10. Ba4+ Bd7 11. Qg4 Bxa4 12. Qxg7 Qf6 13. Re1+ Be7 14. Qg4
Bxc2 15. Qf3 O-O-O 16. Na3 Bxa3 17. bxa3 Ba4 18. Bf4 Ne7 19. Qg4+ Rd7 20. Rac1+
Bc6 21. Be5 Rg8 22. Qxd7+ Kxd7 23. Bxf6 Nc8 24. Bxd4 h5 25. f3 h4 26. h3 a5 27.
Bf6 Rg6 28. Bxh4 d4 29. Kf2 Bd5 30. Rc5 Bxa2 31. Rxa5 Ra6 32. Rxa6 bxa6 33. Bf6
Bb3 34. Bxd4 Bc2 35. Ke3 f5 36. Kd2 Bb3 37. h4 Bf7 38. g4 Be6 39. g5 Bf7 40. Bf6
Kd6 41. Re5 Bg6 42. Ra5 1-0

[Event "Furious Fists of July"]
[Site "http://www.queenalice.com/game.php?id=957556"]
[Date "2011.7.6"]
[Round "-"]
[White "shoe"]
[Black "tegwar00"]
[Result "0-1"]
[WhiteElo "1268"]
[BlackElo "1356"]

1. e4 e5 2. f4 Bc5 3. Nf3 d6 4. Nc3 Nf6 5. Bc4 exf4 6. d4 Bb4 7. Bxf4 O-O 8. Nd2
Bg4 9. Be2 Bxe2 10. Qxe2 c5 11. d5 Bxc3 12. bxc3 Re8 13. O-O h6 14. c4 Qe7 15.
Rfe1 Nbd7 16. g4 g5 17. Bg3 Ne5 18. Bxe5 Qxe5 19. Nf3 Qf4 20. h3 Rxe4 21. Qh2
Qxh2+ 22. Kxh2 Rxc4 23. Rad1 Rxc2+ 24. Rd2 Rxd2+ 25. Nxd2 Re8 26. Rd1 Re2+ 27.
Kg3 Ne4+ 28. Nxe4 Rxe4 29. Rf1 Re3+ 30. Kg2 Kg7 31. Rf2 b5 32. h4 c4 33. Rb2 c3
34. Rb3 b4 35. a3 a5 36. axb4 axb4 37. Kf2 Rd3 38. hxg5 c2 39. gxh6+ Kh7 40.
Rxd3 c1=Q 41. Rf3 Qd2+ 42. Kg3 Qxd5 43. Rxf7+ Qxf7 0-1